000 00295nam a22001337a 4500
003 SGT
082 _a615.53
_bS05K
100 _aKUMAR, SUDHIR
245 _aSCIENTIFIC EXPOSITION OF AYURVEDA
260 _aVARANASI
_bCHAUKHAMBHA PUB
_c2005
300 _a436
650 _aAYURVEDA
942 _2ddc
_cBK
999 _c8754
_d8754